<?xml version="1.0" encoding="UTF-8"?>
<record
    xmlns:xsi="http://www.w3.org/2001/XMLSchema-instance"
    xsi:schemaLocation="http://www.loc.gov/MARC21/slim http://www.loc.gov/standards/marcxml/schema/MARC21slim.xsd"
    xmlns="http://www.loc.gov/MARC21/slim">

  <leader>01255nab a2200229 i 4500</leader>
  <controlfield tag="001">BPP</controlfield>
  <controlfield tag="003">BPK</controlfield>
  <controlfield tag="005">20180124124012.0</controlfield>
  <controlfield tag="008">140510s2000    pl     f     |000 0 pol</controlfield>
  <datafield tag="040" ind1=" " ind2=" ">
    <subfield code="c">BPK</subfield>
  </datafield>
  <datafield tag="084" ind1=" " ind2=" ">
    <subfield code="a">664:621.97</subfield>
  </datafield>
  <datafield tag="100" ind1=" " ind2=" ">
    <subfield code="a">RADOMSKI, Grzegorz.</subfield>
    <subfield code="d">1996 - 2006.</subfield>
    <subfield code="b">Politechnika Koszali&#x144;ska - Wydzia&#x142; Mechaniczny,</subfield>
    <subfield code="c">Katedra In&#x17C;ynierii Spo&#x17C;ywczej</subfield>
  </datafield>
  <datafield tag="245" ind1=" " ind2=" ">
    <subfield code="a">Mo&#x17C;liwo&#x15B;ci bada&#x144; i kryteria oceny jednorodno&#x15B;ci mieszania w przep&#x142;ywie laminarnym =</subfield>
    <subfield code="b">Research goals and criteria of homogenity in the laminar flow /</subfield>
    <subfield code="c">Grzegorz Radomski.</subfield>
  </datafield>
  <datafield tag="260" ind1=" " ind2=" ">
    <subfield code="c">2000.</subfield>
  </datafield>
  <datafield tag="500" ind1=" " ind2=" ">
    <subfield code="a">Dane z autopsji.</subfield>
  </datafield>
  <datafield tag="520" ind1=" " ind2=" ">
    <subfield code="a">W pracy przedstawiono proces mieszania w wyt&#x142;aczarkach &#x15B;limakowych stosowanych w przetw&#xF3;rstwie tworzyw sztucznych i przetw&#xF3;rstwie spo&#x17C;ywczym. Om&#xF3;wiono mo&#x17C;liwo&#x15B;ci i cele bada&#x144; oraz kryteria oceny jednorodno&#x15B;ci mieszania w przep&#x142;ywie laminarnym w odniesieniu do wyt&#x142;aczarek &#x15B;limakowych stosowanych w przemy&#x15B;le spo&#x17C;ywczym.</subfield>
  </datafield>
  <datafield tag="650" ind1=" " ind2="0">
    <subfield code="a">Przemys&#x142; rolno-spo&#x17C;ywczy.</subfield>
  </datafield>
  <datafield tag="650" ind1=" " ind2="0">
    <subfield code="a">Tworzywa sztuczne.</subfield>
  </datafield>
  <datafield tag="773" ind1=" " ind2=" ">
    <subfield code="i">W :</subfield>
    <subfield code="t">Zeszyty Naukowe Politechniki Opolskiej : Mechanika. -</subfield>
    <subfield code="g">2000, z. 60, nr 254, s. 299-304</subfield>
  </datafield>
  <datafield tag="711" ind1=" " ind2=" ">
    <subfield code="a">BEMS'2000 </subfield>
    <subfield code="n">(9 ;</subfield>
    <subfield code="d">2000 ;</subfield>
    <subfield code="c">Opole - Pokrzywna, Polska).</subfield>
    <subfield code="p">BEMS'2000</subfield>
  </datafield>
  <datafield tag="942" ind1=" " ind2=" ">
    <subfield code="c">ART</subfield>
    <subfield code="2">UKD</subfield>
  </datafield>
  <datafield tag="999" ind1=" " ind2=" ">
    <subfield code="c">6281</subfield>
    <subfield code="d">6281</subfield>
  </datafield>
  <datafield tag="952" ind1=" " ind2=" ">
    <subfield code="0">0</subfield>
    <subfield code="1">0</subfield>
    <subfield code="4">0</subfield>
    <subfield code="7">0</subfield>
    <subfield code="a">BPK</subfield>
    <subfield code="b">BPK</subfield>
    <subfield code="o">090</subfield>
    <subfield code="y">ART</subfield>
  </datafield>
</record>
